Polska polityka - marszałkowie sejmu po 1989 - Statystyki

Ogólne statystyki
  • Ten quiz został rozwiązany 690 razy
    205 od ostatniego zresetowania
  • Średni wynik to 10 z 19
Statystyki odpowiedzi
Okres urzędowania i przynależność polityczna Imię i nazwisko % Poprawnych
XI 2023 - XI 2025 (Polska 2050 - Trzecia Droga) Szymon Hołownia
99%
VIII 2019 - XI 2023 (Prawo i Sprawiedliwość) Elżbieta Witek
90%
XI 2025 - (Nowa Lewica) Włodzimierz Czarzasty
75%
XI 2007 - VII 2010 (Platforma Obywatelska) Bronisław Komorowski
74%
XI 2011 - IX 2014 (Platforma Obywatelska) Ewa Kopacz
63%
IX 2014 - VI 2015 (Platforma Obywatelska) Radosław Sikorski
60%
VII 2010 - XI 2011 (Platforma Obywatelska) Grzegorz Schetyna
59%
XI 2015 - VIII 2019 (Prawo i Sprawiedliwość) Marek Kuchciński
54%
X 1993 - III 1995 (Sojusz Lewicy Demokratycznej) Józef Oleksy
50%
IV 2004 - I 2005 (Sojusz Lewicy Demokratycznej) Józef Oleksy
50%
VI 2015 - XI 2015 (Platforma Obywatelska) Małgorzata Kidawa-Błońska
49%
I 2005 - X 2005 (Sojusz Lewicy Demokratycznej) Włodzimierz Cimoszewicz
46%
III 1995 - X 1997 (Polskie Stronnictwo Ludowe) Józef Zych
41%
X 2005 - IV 2007 (Prawo i Sprawiedliwość) Marek Jurek
32%
IV 2007 - XI 2007 (Prawo i Sprawiedliwość) Ludwik Dorn
31%
X 1997 - X 2001 (Akcja Wyborcza Solidarność) Maciej Płażyński
30%
X 2001 - IV 2004 (Sojusz Lewicy Demokratycznej) Marek Borowski
27%
XI 1991 - X 1993 (Zjednoczenie Chrześcijańsko-Narodowe) Wiesław Chrzanowski
24%
VII 1989 - XI 1991 (Polskie Stronnictwo Ludowe) Mikołaj Kozakiewicz
21%
Nie znaleziono quizów pasujących do podanych kryteriów
Rozkład punktacji
Procent ludzi z każdym wynikiem
Percentyl według liczby udzielonych odpowiedzi
Twoja historia wyników
Nie rozwiązałeś tego quizu od ostatniego zresetowania